Państwa według podpowiedzi - litera E - Statystyki

Ogólne statystyki
  • Ten quiz został rozwiązany 28 razy
  • Średni wynik to 5 z 6
Statystyki odpowiedzi
Podpowiedź Państwo % Poprawnych
Leży na równiku Ekwador
96%
50% powierzchni tego państwa zajmują lasy Estonia
96%
Nie przestrzega się tam praw człowieka Erytrea
88%
Trzecie najbardziej zaludnione państwo w Afryce Egipt
84%
Dawniej nazywało się Suazi Eswatini
84%
Z tego państwa pochodzi najstarszy alkohol Etiopia
84%
Nie znaleziono quizów pasujących do podanych kryteriów
Rozkład punktacji
Procent ludzi z każdym wynikiem
Percentyl według liczby udzielonych odpowiedzi
Twoja historia wyników
Nie rozwiązałeś tego quizu